[Event "27th CRO-chT 1B-Men 2018"]
[Site "Biograd"]
[Date "2018.09.21"]
[Round "7.10"]
[White "Malenica, Mario"]
[Black "Plenca, Julijan"]
[Result "1/2-1/2"]
[WhiteElo "2212"]
[BlackElo "2417"]
[Annotator "TA"]
[PlyCount "93"]
[EventDate "2018.09.15"]
[EventType "team-tourn"]
[EventCountry "CRO"]
[SourceTitle "playchess.com"]
[Source "ChessBase"]
[SourceQuality "1"]

{[%evp 25,93,-16,-17,-45,-38,-42,-33,-45,-33,-39,-36,-35,-39,-39,-39,-39,-29,-59,-15,-58,-37,-56,-18,-34,-18,-40,-47,-39,-29,-40,-16,-22,0,0,0,0,0,0,0,-10,-8,-8,-2,-10,-2,-8,-8,-11,-8,-7,-8,-5,0,0,0,0,0,0,0,0,0,0,10,10,10,10,10,10,74,0]} 1. c4 Nf6 2. Nc3 g6 3. g3 Bg7 4. Bg2 O-O 5. Nf3 d6 6. O-O Nc6 7. d3 e5 8. Bg5 h6 9. Bxf6 Bxf6 10. Rb1 a5 11. a3 Bg7 12. b4 axb4 13. axb4 Ne7 {LiveBook: 36 Games. A26: English Opening vs King's Indian with ...Nc6 and d3} 14. Nd5 c6 15. Nxe7+ Qxe7 {Black is slightly better.} 16. Qc2 Be6 17. Nd2 d5 18. b5 {[#]} Ra3 $146 ({Predecessor:} 18... Rfd8 19. bxc6 bxc6 20. cxd5 cxd5 21. Rb5 Rac8 {½-½ (52) Velikov,P (2433)-Georgiev,K (2672) Blagoevgrad 2010}) 19. Rb3 Rfa8 20. Rxa3 Rxa3 21. Rb1 Qc5 22. Rb3 Ra8 {...e4! is the strong threat.} 23. Rb1 Kh7 24. Nb3 Qa7 25. Nd2 Qa2 26. Rb2 Qa3 27. Rb1 h5 28. h4 Rd8 29. Nf3 {aiming for Ng5+.} Bf6 30. bxc6 bxc6 31. cxd5 cxd5 32. Qc1 (32. Ng5+ {feels hotter.} Bxg5 33. hxg5 Rc8 34. Qb2 Qd6 35. Bf3) 32... Qxc1+ 33. Rxc1 Bg4 34. Rc2 Kh6 35. Kh2 Rd6 36. Bh3 Bxf3 37. exf3 $11 {[%mdl 4096] Endgame KRB-KRB} Bd8 38. Bc8 Bb6 39. Kg2 g5 40. hxg5+ Kxg5 41. Bb7 Bd4 42. Rc8 Rb6 43. Bxd5 Rb2 44. Rg8+ Kf6 45. Rf8 Rxf2+ 46. Kh3 Rd2 (46... Re2 $11 {keeps the balance.} 47. f4 (47. Rxf7+ Kg6 $11) 47... Bg1 48. Rxf7+ Kg6 49. f5+ Kg5) 47. Rh8 {Precision: White = 56%, Black = 39%.} ({Better is} 47. Rxf7+ $16 Kg6 48. Rc7) 1/2-1/2

[Event "27th CRO-chT 1B-Men 2018"]
[Site "Biograd"]
[Date "2018.09.23"]
[Round "7.11"]
[White "Bobanac, Miro"]
[Black "Viskic, Pavisa"]
[Result "1/2-1/2"]
[WhiteElo "2288"]
[BlackElo "2176"]
[Annotator "TA"]
[PlyCount "92"]
[EventDate "2018.09.15"]
[EventType "team-tourn"]
[EventCountry "CRO"]
[SourceTitle "playchess.com"]
[Source "ChessBase"]
[SourceQuality "1"]

{[%evp 9,92,30,31,0,5,10,10,17,13,-7,22,19,41,30,37,34,31,29,30,29,24,0,0,0,0,-6,10,-10,0,-3,11,-20,-10,-75,-15,-75,0,-30,-39,-43,-25,-33,-33,-48,-54,-46,-60,-123,-124,-110,-83,-142,-119,-176,-125,-116,-48,-47,-36,-33,-40,-34,0,0,0,-10,-10,-10,25,0,6,0,0,0,0,0,0,0,1,-11,0,-1,0,-6,0]} 1. b3 e5 2. Bb2 Nc6 3. e3 d6 4. Bb5 a6 (4... Qg5 5. Bxc6+ bxc6 6. Qf3 Ne7 7. h3 Bd7 8. Na3 Ng6 9. g3 d5 10. Qe2 e4 11. O-O-O Bd6 12. d3 {1-0 (33) Avrukh,B (2641)-Sutovsky,E (2675) Netanya 2009}) 5. Bxc6+ bxc6 6. d3 {A01: Larsen-Eröffnung} Be7 7. Ne2 Nf6 8. O-O O-O 9. Ng3 Bd7 10. Nd2 Ne8 $146 ({Vorgänger:} 10... Ng4 11. d4 f5 12. dxe5 Nxe5 13. Nf3 Ng4 {0-1 (41) Krajina,D (2255)-Baisakow,A (2212) Germany 2017}) 11. e4 g6 12. Nc4 Bg5 13. d4 f6 14. Ne2 {[%cal Rd4e5]} Qe7 15. dxe5 fxe5 16. Bc1 (16. f3 {with more complications.} Ng7 17. Bc1 Ne6 18. Qd3 Rf7 19. Bd2) 16... Bxc1 17. Rxc1 Nf6 18. Nc3 Nh5 19. Ne2 Nf6 20. Ng3 h5 {[%cal Bh7h5,Bh5h4][%mdl 32]} 21. f3 (21. Qd3 $11 {bleibt in der Remisbreite.}) 21... Rf7 (21... d5 $17 22. exd5 cxd5) 22. Qd2 (22. Qd3 $11) 22... Nh7 (22... h4 $17 23. Ne2 d5 24. exd5 cxd5) 23. f4 exf4 24. Rxf4 Rxf4 25. Qxf4 h4 $36 {[%mdl 2048] Schwarz steht aktiver.} 26. Nf1 Rf8 27. Qe3 {[#]} h3 $1 {[%mdl 512]} 28. Re1 (28. Nfd2 $15) (28. gxh3 Ng5) 28... hxg2 $17 29. Kxg2 Ng5 {Droht ...Lh3+ und aus.} 30. Ncd2 (30. Nfd2 $142) 30... Nh3 31. Nf3 (31. Kh1 $17) 31... Bg4 (31... Nf4+ $1 $19 32. Kg1 Bh3) 32. N1d2 Nf4+ ({Lieber} 32... Bxf3+ $17 33. Nxf3 Qd7) 33. Kh1 $15 Qh7 {Droht stark ...Dh3.} 34. Rg1 Qh5 35. Rg3 d5 36. exd5 cxd5 37. Ne5 Bf5 38. c4 ({Aber nicht} 38. Qxf4 $2 Be4+ $1 {[%mdl 512]} 39. Nxe4 Rxf4 $19) 38... c6 39. Nef3 ({Vergiftet wäre} 39. Qxf4 $2 {[#]} Be4+ $1 {[%mdl 512]} 40. Nxe4 Rxf4 $19) 39... Ne6 {Die Stellung ist ausgeglichen.} 40. cxd5 cxd5 41. Qe5 Rd8 42. Qf6 Rf8 43. Qe5 Rd8 44. Qf6 Rc8 45. Qe5 Rd8 46. Qf6 Rf8 {Precision: Weiß = 34%, Schwarz = 50%.} 1/2-1/2

[Event "27th CRO-chT 1B-Men 2018"]
[Site "Biograd"]
[Date "2018.09.23"]
[Round "7.12"]
[White "Grgurevic, Boris"]
[Black "Brulic, Denis"]
[Result "1/2-1/2"]
[WhiteElo "2145"]
[BlackElo "2232"]
[Annotator "TA"]
[PlyCount "40"]
[EventDate "2018.09.15"]
[EventType "team-tourn"]
[EventCountry "CRO"]
[SourceTitle "playchess.com"]
[Source "ChessBase"]
[SourceQuality "1"]

{[%evp 19,40,-26,0,0,-8,0,-6,-11,-12,-9,0,-1,-13,-6,-10,0,-3,-26,-15,-18,-2,-30,0]} 1. e4 {[%cal Be2e4,Be4e5][%mdl 32]} c5 2. Nf3 e6 3. c3 Nf6 4. e5 Nd5 5. d4 cxd4 6. cxd4 d6 7. exd6 Bxd6 8. Nc3 {B22: Sizilianisch (Alapin 2.c3)} Nxc3 (8... O-O 9. Bd3 Nxc3 10. bxc3 Qc7 11. Qc2 h6 12. O-O b6 13. Bh7+ Kh8 14. Be4 Bb7 15. Bxb7 Qxb7 {0-1 (58) Radjabov,T (2710)-Matlakov,M (2694) Doha 2016}) 9. bxc3 Qc7 10. Qb3 Nd7 {LiveBook: 4 Partien} 11. Ba3 O-O 12. Bxd6 Qxd6 13. Bb5 Nf6 14. Ne5 $146 ({Vorgänger:} 14. O-O b6 15. Ne5 Bb7 16. Be2 Rac8 17. Bf3 Bxf3 18. Nxf3 {0-1 (33) Stojkovic,J (2198)-Djurovic,G (2211) Zagreb 2008}) 14... b6 15. Bc6 Rb8 {[%cal Ba8b8,Bb8b7,Bb7c7][%mdl 32]} 16. O-O Bb7 17. Bxb7 Rxb7 18. Rfd1 Rc7 19. a4 Nd7 20. f4 f6 1/2-1/2

[Event "27th CRO-chT 1B-Men 2018"]
[Site "Biograd"]
[Date "2018.09.23"]
[Round "7.13"]
[White "Medvegy, Zoltan"]
[Black "Sprenger, Jan Michael"]
[Result "1/2-1/2"]
[WhiteElo "2543"]
[BlackElo "2490"]
[Annotator "TA"]
[PlyCount "67"]
[EventDate "2018.09.15"]
[EventType "team-tourn"]
[EventCountry "CRO"]
[SourceTitle "playchess.com"]
[Source "ChessBase"]
[SourceQuality "1"]

{[%evp 19,67,14,13,18,24,19,19,0,12,11,52,43,43,44,62,52,66,46,49,41,37,17,22,19,44,44,38,29,66,66,66,66,68,69,76,64,79,79,77,22,35,10,7,10,10,0,0,0,0,0]} 1. Nf3 d5 2. g3 g6 3. Bg2 Bg7 4. d4 Nh6 5. O-O O-O 6. Nbd2 {D02: 1 d4 d5 2 Nf3 sidelines, including 2...Nf6 3 g3 and 2...Nf6 3 Bf4} Nf5 7. c3 Nd6 8. Ne5 (8. Re1 Bf5 9. Nh4 c6 10. Nxf5 gxf5 11. Nb3 Nd7 12. Bf4 Nf6 13. Nc5 b6 {1-0 (40) Pantsulaia,L (2587)-Short,N (2659) Abu Dhabi 2018}) 8... c6 9. e4 dxe4 10. Nxe4 Nxe4 {LiveBook: 3 Games} 11. Bxe4 Nd7 12. Nxd7 Bxd7 13. d5 $146 ({Predecessor:} 13. Bf4 Be6 14. Qe2 Bd5 15. Rfe1 Bxe4 16. Qxe4 e6 17. Be5 Qa5 18. Bxg7 Kxg7 19. Qe5+ Qxe5 20. Rxe5 Rad8 {½-½ (20) Pirc,V-Gligoric,S Mar del Plata 1950}) 13... Qb6 14. Qb3 c5 15. Re1 Rfe8 16. Bf4 Rac8 17. Bg2 Qb5 18. Qxb5 Bxb5 19. Rad1 Bd7 20. Rd2 b5 21. h4 e5 22. dxe6 Bxe6 23. Bd5 Bxd5 24. Rxe8+ Rxe8 25. Rxd5 $11 {[%mdl 4096] Endgame KRB-KRB} Bf8 26. Be3 Rc8 27. Kg2 Kg7 28. Kf3 Kf6 29. g4 (29. Rd7 $16) 29... h5 30. g5+ Ke6 {The position is equal.} 31. Ke4 Bd6 32. f4 Kd7 33. b3 Kc6 {[#] Strongly threatening ...Re8+.} 34. Rd2 {Precision: White = 61%, Black = 57%.} 1/2-1/2

[Event "27th CRO-chT 1B-Men 2018"]
[Site "Biograd"]
[Date "2018.09.23"]
[Round "7.14"]
[White "Seyb, Alexander"]
[Black "Rezan, Sasa"]
[Result "1-0"]
[WhiteElo "2388"]
[BlackElo "2436"]
[Annotator "TA"]
[PlyCount "77"]
[EventDate "2018.09.15"]
[EventType "team-tourn"]
[EventCountry "CRO"]
[SourceTitle "playchess.com"]
[Source "ChessBase"]
[SourceQuality "1"]

{[%evp 15,77,4,20,-12,16,-26,-7,0,0,-14,-18,-79,12,-29,-19,-18,-28,-40,-28,-24,-28,-17,-33,-22,-32,-33,-29,-37,56,51,39,0,61,0,123,25,29,35,34,36,31,34,223,181,175,168,222,222,406,406,381,353,362,355,343,343,319,285,395,379,976,985,975,1037]} 1. e4 c5 2. Nf3 {[%cal Bg1f3,Bf3d4,Bd4b3][%mdl 32]} d6 3. d4 cxd4 4. Nxd4 Nf6 5. Nc3 a6 6. h3 e5 7. Nb3 Be6 {B90: Sicilian Najdorf: Unusual White 6th moves, 6 Be3 Ng4 and 6 Be3 e5} 8. f4 Be7 {LiveBook: 10 Games} 9. Qf3 b5 {The position is equal.} 10. f5 Bc8 11. Bd3 $146 ({Predecessor:} 11. a3 Bb7 12. g4 d5 13. exd5 e4 14. Qe2 Nxd5 15. Bg2 {0-1 (67) Sutovsky,E (2632)-Wojtaszek,R (2736) Bilbao 2014}) 11... Bb7 12. Bd2 Nbd7 13. O-O-O {[#]} (13. a3 $11) 13... Rc8 (13... b4 $1 $17 {[%cal Rb4c3]} 14. Nd5 Nxd5 15. exd5 a5) 14. Rhe1 b4 15. Nd5 Nxd5 16. exd5 a5 17. Bb5 O-O {Hoping for ...Nf6.} 18. Kb1 Nf6 19. c4 $1 bxc3 20. Bxc3 Qb6 21. a4 Ra8 (21... h6 $15) 22. g4 $14 {[%cal Bg2g4,Bg4g5][%mdl 32]} Ne8 23. Bd2 Qd8 (23... Bh4 $11) 24. Rh1 (24. Bc6 $14 Bxc6 25. dxc6) 24... Nf6 {[#]} (24... Bh4 $11 {keeps the balance.}) 25. Bc6 (25. Bc3 $1 $16) 25... Bxc6 $11 26. dxc6 d5 27. g5 $36 {[%mdl 2048] White has good play.} Ne4 {[#] ...Qb6 is the strong threat.} 28. f6 $1 {[%mdl 512]} Bb4 $2 (28... Bd6 $1 $14) (28... gxf6 29. gxf6) 29. Bxb4 axb4 30. fxg7 Kxg7 (30... Re8 $142 31. Rhf1 Nxg5) 31. Rhe1 $18 {Black must now prevent Qf5.} Rxa4 $2 (31... Kh8 32. Qf5 Qxg5 33. Qxg5 Nxg5 34. Rxe5 (34. Rxd5 f6 $16) 34... Ne6 35. Rdxd5 (35. Rexd5 Rfc8 $18) 35... Rfc8) 32. Qf5 Qa8 33. Qxe5+ Kg8 34. Qxd5 Nc3+ 35. bxc3 bxc3 {And now ...Ra2 would win.} 36. c7 c2+ 37. Kxc2 Ra2+ $2 (37... Qxd5 38. Rxd5 Rc4+ 39. Kd3 Rxc7) 38. Kc3 Qa3 39. Rd2 {Precision: White = 47%, Black = 37%.} 1-0

[Event "27th CRO-chT 1B-Men 2018"]
[Site "Biograd"]
[Date "2018.09.23"]
[Round "7.15"]
[White "Bilobrk, Franjo"]
[Black "Rade, Miroslav"]
[Result "1-0"]
[WhiteElo "2360"]
[BlackElo "2395"]
[Annotator "TA"]
[PlyCount "177"]
[EventDate "2018.09.15"]
[EventType "team-tourn"]
[EventCountry "CRO"]
[SourceTitle "playchess.com"]
[Source "ChessBase"]
[SourceQuality "1"]

{[%evp 19,177,0,0,-4,0,0,13,4,5,0,16,17,44,41,41,39,45,41,44,34,48,37,32,34,34,25,43,9,35,30,47,47,77,77,77,77,176,175,181,157,176,109,126,90,129,87,135,136,175,177,225,113,178,137,187,197,202,203,201,141,192,183,203,192,157,121,241,87,118,112,141,141,141,97,110,97,97,97,97,97,115,98,103,72,120,133,231,228,232,240,263,231,248,120,184,173,356,134,143,106,132,135,678,680,625,597,818,785,3138,1460,5385,4685,1389,1551,29958,12836,29969,29969,29969,29970,29970,29971,4030,29971,29970,29969,1962,2345,29981,29982,29982,29979,29985,29986,29986,29987,29987,29988,29988,29989,29989,29990,29990,29991,29991,29990,29991,29983,29984,29980,29981,29982,29982,29983,29983,29984,29987,29984,29984,29985]} 1. d4 Nf6 2. Nf3 d5 3. c4 e6 4. Nc3 Bb4 5. cxd5 exd5 6. Qa4+ Nc6 7. Bg5 h6 8. Bxf6 Qxf6 9. e3 O-O 10. Be2 Rd8 11. O-O {D38: Queen's Gambit Declined: Ragozin Defence (4 Nf3 Bb4)} a6 12. Rfc1 Rb8 13. a3 {The position is equal.} Bf8 14. b4 {[#]} Bg4 $146 ({Predecessor:} 14... Ne7 15. Qb3 Be6 16. a4 Nf5 17. b5 axb5 18. axb5 c5 {½-½ (26) Mamedyarov,S (2757)-Carlsen,M (2693) Dortmund 2007}) 15. Qd1 Bxf3 16. Bxf3 Ne7 17. Na4 c6 18. Nc5 Nf5 19. Bg4 Qg5 20. Bxf5 Qxf5 21. a4 Rd6 22. Qf3 Qg5 23. g3 Qd8 24. Rab1 Rf6 25. Qg4 Bxc5 26. bxc5 Rg6 27. Qd1 b5 (27... Qc8 $16) 28. cxb6 $1 $18 Rxb6 29. Qd2 Rb8 30. Qc3 (30. Rxb8 $18 Qxb8 31. Qd3) 30... Rf6 31. Rb4 a5 32. Rb2 Rxb2 33. Qxb2 $16 {[%mdl 4096] Endgame KQR-KQR} Qd7 34. Rc5 h5 35. h4 (35. Rxa5 $18 Qf5 36. Ra8+ Kh7 37. Rb8) 35... Qc7 (35... Qg4 $16 {is a better defense.}) 36. Kg2 Qd7 37. Qe2 Qf5 38. Rxa5 Qe4+ 39. f3 Qb1 (39... Qe8 $16 {might work better.} 40. Rc5 Re6) 40. Rc5 $18 Re6 41. a5 Qa1 42. Qd2 g6 (42... Qa4 $16 43. Kf2 g6) 43. Rc1 $2 (43. Rc2 $1 $18 {and the rest is easy.}) 43... Qa4 44. Qc3 Qa2+ {[#]} 45. Rc2 $1 {[%cal Rc2a2]} Qa4 {intending ...Rxe3.} 46. Kf2 Re7 47. Qd2 $36 {[%mdl 2048] White has strong initiative.} Ra7 48. Ra2 Qb5 49. Qc3 Ra6 50. Ra1 Kg7 51. e4 Kg8 52. e5 Kg7 {[#]} (52... Ra7 $16 {was called for.} 53. g4 hxg4) 53. g4 $1 hxg4 54. fxg4 Qb7 55. Kg3 Qc7 56. g5 (56. h5 $18 {has better winning chances.}) 56... Qa7 (56... c5 $16 57. Qxc5 Qb7) 57. Qb4 Qc7 $2 (57... c5 58. dxc5 (58. Qxc5 Qb7 $18) 58... Kg8) 58. Ra3 $2 (58. Qd6 $18 {is the precise move to win.} Qc8 59. Qe7 (59. Qf6+ Kg8 $18)) 58... c5 $16 59. Qxc5 Rc6 60. Qxd5 {Hoping for a6.} Rc1 $2 {[%mdl 8192]} (60... Rc3+ $16 61. Rxc3 Qxc3+ 62. Kg4 Qd3) 61. Rf3 $18 Rg1+ 62. Kh2 Ra1 {( -> ...Qc2+)} 63. Kg2 Rxa5 {[#]} 64. Rxf7+ $1 {[%mdl 512]} Qxf7 65. Qxa5 {KQ-KQ} Qb7+ 66. Kg3 Qb3+ 67. Kf4 Qf7+ 68. Ke3 Qb3+ 69. Ke4 Qb7+ 70. d5 Qb1+ 71. Kd4 Qb2+ 72. Qc3 Qb6+ 73. Ke4 Qa7 74. e6+ {White mates.} Kh7 75. Qc6 Qa2 76. Qd7+ Kh8 77. Qe8+ Kh7 78. Qf7+ Kh8 79. Qf8+ Kh7 80. Qh6+ Kg8 81. Qxg6+ Kh8 82. Qf6+ Kg8 83. e7 Qe2+ 84. Kf4 Qf2+ 85. Kg4 Qe2+ 86. Qf3 Qxe7 87. g6 {[%cal Bg5g6,Bg6g7][%mdl 32]} Kh8 88. Kh3 Qd6 {[#]} 89. g7+ $1 {Precision: White = 55%, Black = 36%.} 1-0

[Event "27th CRO-chT 1B-Men 2018"]
[Site "Biograd"]
[Date "2018.09.23"]
[Round "7.16"]
[White "Muha, Miljenko"]
[Black "Sinanovic, Muhamed"]
[Result "1/2-1/2"]
[WhiteElo "2364"]
[BlackElo "2339"]
[Annotator "TA"]
[PlyCount "115"]
[EventDate "2018.09.15"]
[EventType "team-tourn"]
[EventCountry "CRO"]
[SourceTitle "playchess.com"]
[Source "ChessBase"]
[SourceQuality "1"]

{[%evp 11,115,9,12,27,47,36,49,46,55,57,67,56,81,52,47,58,52,49,59,36,66,49,59,43,62,73,62,41,20,10,59,77,71,39,85,83,73,-8,-6,-35,-41,-63,-62,-77,-85,-107,-104,-190,-190,-310,-158,-156,-141,-245,-245,-220,-225,-270,-263,-335,-327,-311,-302,-254,-196,-180,-180,-425,-274,-417,-406,-665,-541,-416,-402,-696,-97,-97,-97,-97,-97,-97,-97,-135,-135,-135,-97,-97,-67,-67,-67,-97,-96,-96,-96,-97,-97,-97,-96,-96,-96,-96,-96,-96,-18,-18]} 1. d4 e6 2. Nf3 Nf6 3. c4 Bb4+ 4. Nbd2 O-O 5. g3 d5 6. Bg2 Nbd7 7. O-O {E01: Catalan: Early deviations} c6 (7... b6 8. Qa4 Bd6 9. b4 dxc4 10. Nxc4 Bb7 11. Nxd6 cxd6 12. Bf4 Qb8 13. Rfc1 h6 14. Ne1 e5 15. dxe5 dxe5 {0-1 (23) Xu,J (2501)-Zhou,J (2616) Xinghua 2018}) 8. Qc2 b6 9. e4 {White is slightly better.} dxe4 10. Nxe4 Bb7 11. Rd1 Be7 12. Bf4 Nxe4 13. Qxe4 Qc8 $146 ({Predecessor:} 13... Nf6 14. Qe2 {½-½ (43) Nogin,N (2364)-Zhesterev,A Kiev 2004}) 14. Qc2 Rd8 15. Rab1 (15. Ng5 {seems wilder.} Nf8 16. c5 Ng6 17. Be3 Bxg5 18. Bxg5 Rd7 19. Be4) 15... Nf6 16. c5 bxc5 17. dxc5 a5 18. Rxd8+ Qxd8 19. Rd1 Nd5 20. Ne5 a4 (20... f6 $5 {[%cal Rf6e5]} 21. Ng4 Qf8 $11) 21. Be4 g6 22. Bh6 f5 23. Bxd5 exd5 {[%cal Be6d5,Bd5d4][%mdl 32]} 24. Nc4 (24. Re1 $16) 24... Bxc5 $11 25. Qc3 {[%csl Gh6][%cal Rc3g7]} d4 26. Qc2 Qe7 $36 {[%mdl 2048] Black is more active.} 27. Bf4 Qe4 28. Qxe4 fxe4 29. Bd6 (29. Nd6 $17 Bxd6 30. Bxd6) 29... Ba7 $19 30. Na5 (30. Re1 {is a better defense.}) 30... Ba6 ({Black should try} 30... e3 $19 {Hoping for ...d3!} 31. fxe3 (31. Nxb7 $2 e2 $19) 31... dxe3) 31. Nxc6 $17 Be2 $1 {[%cal Re2d1]} 32. Rd2 (32. Rxd4 $17 {might work better.} Bxd4 33. Nxd4) 32... d3 $1 $19 33. Nxa7 Rxa7 {[%mdl 4096] Endgame KRB-KRB} 34. h3 g5 35. g4 Kf7 36. Kh2 Ra6 37. Bc5 Ra5 38. Bd4 Rb5 39. h4 $2 (39. Be3) 39... h6 40. hxg5 (40. Kh3 {was necessary.}) 40... hxg5 41. Kg3 (41. f3 $142 exf3 42. Kg3) 41... Bf3 42. Be3 Kg6 43. b3 {[#]} (43. a3 $142) 43... axb3 $2 (43... a3 $1 $19 {and Black stays clearly on top.} 44. Bd4 Rb7) 44. axb3 $17 Rxb3 45. Ra2 {[#]} Rb1 $1 46. Ra6+ Kf7 47. Bxg5 Rg1+ 48. Kh3 Bxg4+ 49. Kh2 Rd1 (49... Rb1 {is more complex.} 50. Kg3 Bf3 51. Ra2 Ke6 52. Bd2 Rf1) 50. Kg3 Bf3 {aiming for ...d2.} 51. Be3 Ke7 ({Don't play} 51... d2 $6 52. Kf4 $11) 52. Kf4 Kd7 53. Rb6 Kc7 54. Ra6 Rb1 55. Bd2 Rh1 56. Ke3 Rh3 57. Kd4 Kb7 ({Better is} 57... Rh8 $17 58. Ra4 Kd6) 58. Rh6 $1 {Precision: White = 50%, Black = 50%.} 1/2-1/2

[Event "27th CRO-chT 1B-Men 2018"]
[Site "Biograd"]
[Date "2018.09.23"]
[Round "7.17"]
[White "Biliskov, Vjekoslav"]
[Black "Curic, Drazen"]
[Result "1/2-1/2"]
[WhiteElo "2292"]
[BlackElo "2133"]
[Annotator "TA"]
[PlyCount "28"]
[EventDate "2018.09.15"]
[EventType "team-tourn"]
[EventCountry "CRO"]
[SourceTitle "playchess.com"]
[Source "ChessBase"]
[SourceQuality "1"]

{[%evp 9,28,81,193,193,196,196,277,286,332,331,281,269,258,187,176,176,206,195,206,200,238]} 1. d4 Nf6 2. c4 c5 3. d5 Ne4 4. Nd2 Qa5 5. Ngf3 g6 {[#]} (5... d6 $16) 6. b4 $1 $18 {[%cal Rb4a5][%mdl 512] A56: Czech Benoni} Qxb4 {[#]} 7. Rb1 $1 {[%cal Rb1b4]} Nxd2 (7... Nc3 {was called for.} 8. Rxb4 Nxd1) 8. Rxb4 {White has a decisive advantage.} Nxf3+ 9. exf3 cxb4 10. Bb2 $146 ({Predecessor:} 10. Qd4 Rg8 11. c5 a5 12. Bf4 {1-0 (29) Lang,M (2310)-Schnepp,G (2290) Wuerttemberg 1997}) 10... Rg8 11. Bd3 Na6 {White is clearly better.} 12. O-O {[%mdl 1024] White has strong compensation.} Nc5 13. Re1 d6 14. Bc2 Bd7 1/2-1/2

[Event "27th CRO-chT 1B-Men 2018"]
[Site "Biograd"]
[Date "2018.09.23"]
[Round "7.18"]
[White "Susak, Zeljko"]
[Black "Zelic, Mladen"]
[Result "1/2-1/2"]
[WhiteElo "2200"]
[BlackElo "2266"]
[Annotator "TA"]
[PlyCount "54"]
[EventDate "2018.09.15"]
[EventType "team-tourn"]
[EventCountry "CRO"]
[SourceTitle "playchess.com"]
[Source "ChessBase"]
[SourceQuality "1"]

{[%evp 16,54,37,32,45,15,24,17,16,6,4,0,0,0,0,0,0,0,0,0,0,0,-1,0,0,0,0,0,0,-26,-9,-32,-13,-26,-10,-14,-16,-32,-1,-4,-1]} 1. e4 e5 2. Bc4 Nf6 3. d3 Nc6 4. Nf3 Be7 5. O-O O-O 6. Re1 d6 7. a4 Be6 8. Nbd2 {[%cal Bb1d2,Bd2f1,Bf1e3][%mdl 32]} Qd7 9. c3 Rfe8 {C55: Two Knights: 4 d3, 4 d4 exd4 5 e5 and Max Lange Attack} (9... h6 10. b4 Nh7 11. b5 Na5 12. Bxe6 fxe6 13. Nc4 Nxc4 14. dxc4 Nf6 15. Ba3 Rad8 16. Qe2 b6 17. a5 {½-½ (52) Stevic,H (2608)-Postny,E (2619) Baku 2016}) 10. a5 a6 11. Nf1 d5 12. exd5 Bxd5 13. Ne3 Bxc4 14. Nxc4 e4 $146 ({Predecessor:} 14... Bd6 15. Qb3 Rab8 16. Bg5 Nd5 17. Rad1 h6 {1-0 (54) Wall,G (2325)-Jackson,J (2368) England 2015}) 15. dxe4 Qxd1 16. Rxd1 Nxe4 17. Be3 Rad8 18. Nd4 Nxd4 19. Bxd4 Bc5 20. Be3 Bxe3 21. Nxe3 Nd2 22. Re1 g6 23. h3 Rd6 24. b4 Red8 25. Rac1 Rd3 26. Rc2 Ne4 27. Nd5 R8xd5 {Precision: White = 46%, Black = 56%.} 1/2-1/2

[Event "27th CRO-chT 1B-Men 2018"]
[Site "Biograd"]
[Date "2018.09.23"]
[Round "7.19"]
[White "Kosic, Dragan"]
[Black "Livaic, Leon"]
[Result "1-0"]
[WhiteElo "2465"]
[BlackElo "2483"]
[Annotator "TA"]
[PlyCount "91"]
[EventDate "2018.09.15"]
[EventType "team-tourn"]
[EventCountry "CRO"]
[SourceTitle "playchess.com"]
[Source "ChessBase"]
[SourceQuality "1"]

{[%evp 15,91,47,35,51,33,26,47,39,40,20,27,27,30,18,48,26,33,29,34,32,30,20,45,39,47,33,49,0,0,0,33,26,32,19,32,26,25,25,62,60,58,68,81,72,89,83,80,21,16,16,47,24,17,16,22,12,14,15,125,132,152,141,193,197,195,193,189,194,253,244,392,379,615,615,593,594,588,503]} 1. d4 Nf6 2. Nf3 b6 3. c4 e6 4. e3 Bb7 5. Bd3 Bb4+ 6. Nbd2 O-O 7. O-O Bxd2 8. Nxd2 c5 {LiveBook: 8 Games. E14: Queen's Indian: Classical Variation (4 e3)} 9. dxc5 bxc5 10. b3 d6 {White has an edge.} 11. Bb2 Nbd7 12. Qc2 Qe7 13. Rad1 Rfd8 {[#]} 14. h3 $146 ({Predecessor:} 14. Ne4 Nxe4 15. Bxe4 Bxe4 16. Qxe4 {1-0 (29) Williams,S (2507)-Bjornsson,S (2161) Reykjavik 2009}) 14... e5 15. Ne4 Nxe4 16. Bxe4 Bxe4 17. Qxe4 Nf6 {[%cal Bd7f6,Bf6e4,Be4g3][%mdl 32]} 18. Qc6 Rac8 19. Qa6 Ne4 20. Rd3 h5 21. f3 Ng3 22. Rf2 h4 23. Rd5 Qg5 24. Bc1 Qg6 25. Qa5 Rd7 26. Qd2 Rcd8 27. e4 f6 28. Qd3 f5 29. exf5 Qxf5 30. Qxf5 Nxf5 31. Bg5 (31. Re2 $16) 31... Rf8 $11 32. Re2 $36 {[%mdl 2048] aiming for Rexe5! White is more active.} Rdf7 33. Re4 a5 $1 34. Bxh4 a4 35. Bf2 {Hoping for f4.} axb3 36. axb3 {Threatening f4.} Rb7 {[#]} (36... Ra8 $1 $11 {remains equal.}) 37. f4 $1 $16 {[%cal Rf4e5]} Rxb3 38. fxe5 Rb1+ {[#]} (38... Rb2 $16) 39. Kh2 $1 $18 ({Weaker is} 39. Re1 Rxe1+ 40. Bxe1 Ne3 $11) 39... Rb2 40. Bg1 dxe5 41. Rdxe5 g6 (41... Rc2 {was called for.} 42. Bxc5 Rf6) 42. Rxc5 Rd8 (42... Kg7 {was necessary.} 43. Rb5 Rc2) 43. Rg4 Kf7 $2 (43... Kh7 44. Rc7+ Kh6) 44. Rc7+ {White is clearly winning.} Kf6 45. Rc6+ Ke5 46. Rgxg6 {Precision: White = 62%, Black = 47%.} 1-0